000 00404nam a2200181Ia 4500
001 115807
003 YMCAF
005 20230512162725.0
008 120103s1971 ||||||||||||||||| ||und|d
024 _a115807
035 _a3793
040 _aYMCAF
_beng
_cIN-KoLT
041 _aeng
100 _aCurriculum Development Centre
245 0 _aInstructional material
260 _c1971
942 _2ddc
_cBK
999 _c12858
_d12858